Strawberry Jam Map Quiz (Easy) - Statistiques

Statistiques générales
  • Ce quiz a été pris 3 fois
  • Le résultat moyen est 20 sur 23
Statistiques - réponses
Par images Réponse % Correct
Bee Berserk
100%
Belated Valentine's Day
100%
Chromatic Complex
100%
Dropzle
100%
EAT GIRL
100%
In Filtration
100%
paint
100%
Rose Garden
100%
Soap
100%
Square the Circle
100%
Summit Down Side
100%
Switchtube Vista
100%
The Tower
100%
The Tower (XVI)
100%
Treehive
100%
Clockwork
67%
Ethereal Ascension
67%
FLOATING POINT
67%
Loopy Lagoon
67%
Mosaic Garden
67%
Raindrops on Roses
67%
Slime Time
67%
Skyline Usurper
33%
Aucun quiz correspondant
Distribution des résultats
% des personnes avec chaque résultat
Percentile par nombre de réponses
Votre historique - résultats
Vous n’avez pas pris ce quiz